| 000 | 00479nam a22001697a 4500 | ||
|---|---|---|---|
| 008 | 230421b |||||||| |||| 00| 0 eng d | ||
| 040 |
_aNational Science Library _cNational Science Library |
||
| 080 |
_a666:3/.7 _bK3 |
||
| 100 |
_aSinger, Felix _97060 |
||
| 245 | _aIndustrial ceramics | ||
| 260 |
_aLondon: _bChapman & Hall Ltd., _c1963 |
||
| 300 | _axi, 1455p. | ||
| 650 | _aChemical technology | ||
| 653 | _aGlazing | ||
| 700 | _aSinger, Sonja S | ||
| 942 |
_2udc _cREF |
||
| 999 |
_c21888 _d21888 |
||